[Event "Cacoal op"]
[Site "Cacoal"]
[Date "2022.12.18"]
[Round "6"]
[White "Freitas, Mauricio Mathioli"]
[Black "Araujo, Everson de Moura"]
[Result "0-1"]
[WhiteElo "1540"]
[BlackElo "1956"]
[PlyCount "56"]
[EventDate "2022.12.16"]
[EventType "swiss"]
[EventRounds "6"]
[EventCountry "BRA"]
[SourceTitle "CBM 211 Extra"]
[Source "ChessBase"]
[SourceDate "2023.01.31"]
[SourceVersion "1"]
[SourceVersionDate "2023.01.31"]
[SourceQuality "1"]

1. e4 c5 2. Nf3 e6 3. Nc3 a6 4. g3 Nc6 5. Bg2 Nf6 6. 0-0 Qc7 7. Re1 d6 8. d4 cxd4 9. Nxd4 Bd7 10. Bg5 Be7 11. Qd2 Rc8 12. Rad1 Ne5 13. Qe2 b5 14. f4 Nc4 15. f5 Nxb2 16. fxe6 fxe6 17. Ncxb5 axb5 18. Nxb5 Qc5+ 19. Be3 Bxb5 20. c4 Qa3 21. Bc1 Bxc4 22. Qxb2 Qxb2 23. Bxb2 Bxa2 24. e5 dxe5 25. Rxe5 Rc2 26. Bd4 Kf7 27. Rde1 Rd8 28. h3 Rxd4 0-1

[Event "Titled Tuesday intern op 01st Nov Late"]
[Site "Chess.com INT"]
[Date "2022.11.01"]
[Round "3"]
[White "Ansh, M Shah"]
[Black "Araujo, Everson de Moura"]
[Result "1-0"]
[WhiteElo "2184"]
[BlackElo "1956"]
[PlyCount "75"]
[EventDate "2022.11.01"]
[EventType "swiss (blitz)"]
[EventRounds "11"]
[EventCountry "USA"]
[SourceTitle "EXT 2024"]
[Source "ChessBase"]
[SourceDate "2023.10.10"]
[SourceVersion "1"]
[SourceVersionDate "2023.10.10"]
[SourceQuality "1"]

1. d4 Nf6 2. c4 e6 3. g3 Bb4+ 4. Nd2 0-0 5. Bg2 d5 6. Ngf3 b6 7. 0-0 Bb7 8. Ne5 Nbd7 9. a3 Bd6 10. f4 c5 11. cxd5 Nxd5 12. Ne4 Be7 13. Nxd7 Qxd7 14. dxc5 bxc5 15. Be3 Qb5 16. Nc3 Nxc3 17. bxc3 Bxg2 18. Kxg2 Rfd8 19. Qc2 Bf6 20. Rab1 Qc4 21. f5 exf5 22. Rxf5 Rd5 23. Rbf1 Re8 24. R1f3 Rxf5 25. Qxf5 Qxe2+ 26. Bf2 c4 27. Qd7 h5 28. h4 a5 29. Qb5 Re5 30. Qb8+ Kh7 31. Qc7 Kg6 32. Qb7 Qa2 33. Qc6 Qxa3 34. Qxc4 Qb2 35. Qd3+ Kh6 36. Kh3 Qe2 37. Be3+ g5 38. Qxe2 1-0

[Event "Titled Tuesday intern op 18th Oct Early"]
[Site "Chess.com INT"]
[Date "2022.10.18"]
[Round "4"]
[White "Araujo, Everson de Moura"]
[Black "Dilmukhametov, Artur"]
[Result "1-0"]
[WhiteElo "1983"]
[BlackElo "2276"]
[PlyCount "71"]
[EventDate "2022.10.18"]
[EventType "swiss (blitz)"]
[EventRounds "11"]
[EventCountry "USA"]
[SourceTitle "EXT 2024"]
[Source "ChessBase"]
[SourceDate "2023.10.10"]
[SourceVersion "1"]
[SourceVersionDate "2023.10.10"]
[SourceQuality "1"]

1. d4 Nf6 2. Nf3 g6 3. e3 Bg7 4. Be2 0-0 5. 0-0 d5 6. b3 Bg4 7. Bb2 Nc6 8. Nbd2 Re8 9. h3 Bxf3 10. Nxf3 Nd7 11. Bb5 e5 12. Bxc6 bxc6 13. c4 e4 14. Nd2 f5 15. Qc2 a6 16. cxd5 cxd5 17. Qc6 Nb6 18. Rac1 Rc8 19. Ba3 Qf6 20. Qb7 Qe7 21. Rc6 Qxa3 22. Rxc7 Rxc7 23. Qxc7 Qb4 24. Qc6 Qxd2 25. Qxe8+ Bf8 26. Qe6+ Kg7 27. Qxb6 Qxa2 28. Qb7+ Kg8 29. Qxd5+ Kg7 30. Rc1 Qa3 31. Rc7+ Kh6 32. Qd7 Bd6 33. Qxh7+ Kg5 34. h4+ Kg4 35. Qxg6+ Kxh4 36. Rh7# 1-0

[Event "Titled Tuesday intern op 18th Oct Late"]
[Site "Chess.com INT"]
[Date "2022.10.18"]
[Round "4"]
[White "Remolar Gallen, Jose"]
[Black "Araujo, Everson de Moura"]
[Result "1-0"]
[WhiteElo "2305"]
[BlackElo "1983"]
[PlyCount "111"]
[EventDate "2022.10.18"]
[EventType "swiss (blitz)"]
[EventRounds "11"]
[EventCountry "USA"]
[SourceTitle "EXT 2024"]
[Source "ChessBase"]
[SourceDate "2023.10.10"]
[SourceVersion "1"]
[SourceVersionDate "2023.10.10"]
[SourceQuality "1"]

1. d4 d5 2. c4 c6 3. Nc3 Nf6 4. Nf3 a6 5. Bg5 Nbd7 6. cxd5 cxd5 7. e3 g6 8. Be2 Bg7 9. 0-0 0-0 10. Ne5 Qb6 11. Nxd7 Bxd7 12. Bxf6 exf6 13. Nxd5 Qxb2 14. Bf3 Rab8 15. Qc1 Qxc1 16. Rfxc1 Rfe8 17. Rc7 Bc6 18. Ne7+ Kf8 19. Nxc6 bxc6 20. Rxc6 Rb2 21. Rxa6 Rc8 22. g3 Rcc2 23. Rf1 Rxa2 24. Rxa2 Rxa2 25. Kg2 f5 26. Re1 Ke7 27. Re2 Ra1 28. Rb2 Ra7 29. Rb7+ Rxb7 30. Bxb7 f6 31. Kf3 g5 32. Bc8 Bf8 33. Bxf5 h6 34. Kg4 Kf7 35. Kh5 Kg7 36. h4 Bb4 37. f4 gxh4 38. Kxh4 Bd2 39. e4 Be1 40. d5 Kf7 41. d6 Bf2 42. Kg4 Ke8 43. Be6 Bd4 44. Kf5 Bf2 45. g4 Bh4 46. Kg6 Bg3 47. Kf5 Bh4 48. e5 fxe5 49. fxe5 Bg5 50. Bc8 Kd8 51. Be6 Bh4 52. Bf7 Bg5 53. e6 Bh4 54. Kg6 Bg5 55. Kh5 Bf4 56. e7+ 1-0

[Event "Titled Tuesday intern op 31st May Late"]
[Site "Chess.com INT"]
[Date "2022.05.31"]
[Round "2"]
[White "Araujo, Everson de Moura"]
[Black "Pein, Jonathan"]
[Result "0-1"]
[WhiteElo "1983"]
[BlackElo "2228"]
[PlyCount "76"]
[EventDate "2022.05.31"]
[EventType "swiss (blitz)"]
[EventRounds "11"]
[EventCountry "USA"]
[SourceTitle "CBM 208 Extra"]
[Source "ChessBase"]
[SourceDate "2022.07.31"]
[SourceVersion "1"]
[SourceVersionDate "2022.07.31"]
[SourceQuality "1"]

1. Nf3 Nc6 2. b3 e5 3. d3 d5 4. Bb2 f6 5. Nbd2 Be6 6. g3 Qd7 7. Bg2 0-0-0 8. 0-0 Bh3 9. c4 d4 10. a3 h5 11. Ne4 h4 12. b4 Bxg2 13. Kxg2 hxg3 14. fxg3 Qh3+ 15. Kg1 Nh6 16. Nf2 Qh5 17. Qd2 Ne7 18. e3 Nef5 19. Nd1 Ng4 20. exd4 exd4 21. Ra2 Nxg3 22. Re1 Bd6 23. Bxd4 Nf5 24. Bc5 Qh3 25. Qg2 Qh5 26. Bxd6 Rxd6 27. Re4 Rxd3 28. Nf2 Nxf2 29. Rxf2 Rd1+ 30. Rf1 Rhd8 31. Kf2 R1d2+ 32. Nxd2 Rxd2+ 33. Kg1 Rxg2+ 34. Kxg2 Qg6+ 35. Kf3 Qh5+ 36. Kg2 Qg5+ 37. Kf3 Nh4+ 38. Kf2 Qg2+ 0-1

[Event "Cacoal Easter op"]
[Site "Cacoal"]
[Date "2022.04.15"]
[Round "1"]
[White "De Freitas, Mauricio Mathioli"]
[Black "Araujo, Everson de Moura"]
[Result "0-1"]
[WhiteElo "1457"]
[BlackElo "2001"]
[PlyCount "48"]
[EventDate "2022.04.15"]
[EventType "swiss"]
[EventRounds "6"]
[EventCountry "BRA"]
[SourceTitle "CBM 207 Extra"]
[Source "ChessBase"]
[SourceDate "2022.05.31"]
[SourceVersion "1"]
[SourceVersionDate "2022.05.31"]
[SourceQuality "1"]

1. d4 d5 2. Nf3 Nf6 3. Bf4 c5 4. e3 Nc6 5. Nc3 Bg4 6. Be2 e6 7. 0-0 Bd6 8. Ne5 Bxe5 9. Bxe5 Nxe5 10. dxe5 Bxe2 11. Qxe2 Nd7 12. Rad1 0-0 13. f4 a6 14. Qg4 g6 15. Nxd5 exd5 16. Rxd5 Nf6 17. exf6 Qxd5 18. f5 Qe5 19. Qg5 Rad8 20. h4 Rd6 21. fxg6 Qxg5 22. gxh7+ Kxh7 23. hxg5 Re8 24. Kf2 Kg6 0-1